| Поле | Название | Значение |
| |
Тип записи |
a |
| |
Библиографический уровень |
m |
| 001 |
Контрольный номер |
7dfebe625e6049d885b5f685ae78cb9c |
| 005 |
Дата корректировки |
20231219144917.9 |
| 010 |
Индекс ISBN |
__ |
| a |
ISBN |
978-5-04-119516-8 |
| d |
Цена |
859-10 |
| 100 |
Данные общей обработки |
__ |
| a |
Данные общей обработки |
20220203d2021####am#y0rusy50######ca |
| 101 |
Язык документа |
0_ |
| a |
Язык текста |
rus |
| 102 |
Страна публикации |
__ |
| a |
Страна публикации |
RU |
| 200 |
Заглавие и сведения об ответственности |
1_ |
| a |
Заглавие |
Волшебство петелек |
| e |
Сведения, относящиеся к заглавию |
10 игрушек, связанных крючком, с которыми ваш ребенок не захочет расставаться ни на минуту |
| f |
Первые сведения об ответственности |
Ольга Гаевская |
| 210 |
Выходные данные |
1_ |
| a |
Место издания |
Москва |
| c |
Издательство |
Эксмо |
| d |
Дата издания |
2021 |
| 215 |
Физическое описание |
__ |
| a |
Объем |
174, [1] с. |
| c |
Иллюстрации/тип воспроизводства |
портр., фот. |
| 225 |
Серия (Журнальная рубрика) |
2_ |
| a |
Серия (Журнальная рубрика) |
Подарочные издания. Рукоделие |
| 330 |
Аннотация |
__ |
| a |
Аннотация |
Мастер-класс блогера и замечательного мастера Ольги Гаевской, по вязанию крючком. Каждый шаг в книге описан очень подробно и проиллюстрирован схемой или наглядной фотографией. |
| 333 |
Примечание о целевом назначении |
__ |
| a |
Примечание о целевом назначении |
12+ |
| 606 |
Тематические рубрики |
__ |
| a |
Основная рубрика |
Легкая промышленность |
| 606 |
Тематические рубрики |
__ |
| a |
Основная рубрика |
Рукоделие |
| 610 |
Ключевые слова |
0_ |
| a |
Ключевые слова |
амигуруми |
| a |
Ключевые слова |
вязание крючком |
| a |
Ключевые слова |
мягкие игрушки |
| a |
Ключевые слова |
самодельные игрушки |
| a |
Ключевые слова |
вязаные игрушки |
| a |
Ключевые слова |
схемы для вязания крючком |
| a |
Ключевые слова |
мастер-классы по рукоделию |
| a |
Ключевые слова |
мастер-классы по вязанию |
| 686 |
Индексы других классификаций |
__ |
| a |
Индекс ББК |
37.248 |
| 700 |
Автор |
_1 |
| a |
Фамилия |
Гаевская |
| b |
Имя |
О. |
| g |
Полное личное имя |
Ольга |
| 801 |
Источник записи |
_0 |
| a |
Страна |
RU |
| b |
Организация |
Центральная районная библиотека им. Г. А. Пирожникова |
| c |
Дата составления |
20220203 |
| g |
Правила каталогизации |
bzbo |
| 801 |
Источник записи |
_1 |
| a |
Страна |
RU |
| b |
Организация |
Центральная районная библиотека им. Г. А. Пирожникова |
| c |
Дата составления |
20220203 |
| g |
Правила каталогизации |
bzbo |
| 852 |
Данные о местонахождении |
__ |
| j |
Шифр хранения |
37.248 |
| i |
Авторский знак |
Г 134 |
| 901 |
Тип документа |
__ |
| t |
Тип документа |
m |
| 902 |
Роль лиц |
__ |
| a |
Создатель БЗ |
ОКиО/Шумских |